000 00875nac a22002417a 4500
001 BR7307099
003 BR-BrBNA
005 20240202092735.0
008 230509b bl.|||m| |||| 00| 0 por d
040 _aBR-BrBNA
_bpor
_cBiblioteca Nacional de Agricultura
072 _aA50; F00
090 _aA50
_bBR7307099
110 1 _aUnidade de Execucao de Pesquisa de Ambito Estadual de Brasilia, DF (Brasil)
_910355
245 1 _aRelatorio trimestral, 1. trimestre 1977 [Unidade de Execucao de Pesquisa de Ambito Estadual de Brasilia, Brasil]
260 3 _aBrasilia, DF (Brasil):
_c1977.
300 _a12 p.
490 _aRelatorio Trimestral - Unidade de Execucao de Pesquisa de Ambito Estadual de Brasilia (Brazil)
_vno. 1
650 _aPESQUISA AGRICOLA
650 _aINSTITUICAO DE PESQUISA
650 _aBRASILIA
650 _aDISTRITO FEDERAL
942 _2AGRIS
_n0
_cMS
999 _c264373
_d264373